[Event "3rd Dos Hermanas it"]
[Site "Dos Hermanas ESP"]
[Date "1991.??.??"]
[Round "?"]
[White "Bass, Leonid"]
[Black "Garcia Ramirez, Jorge Alberto"]
[Result "1-0"]
[WhiteElo "2500"]
[BlackElo "2270"]
[EventDate "1991.05.??"]
[PlyCount "95"]

1.d4 Nf6 2.c4 g6 3.Nc3 Bg7 4.e4 d6 5.Nf3 O-O 6.Be2 e5 7.O-O Nc6 8.d5 Ne7 
9.b4 Nh5 10.c5 Nf4 11.Bxf4 exf4 12.Rc1 h6 13.h3 f5 14.e5 dxe5 15.d6 cxd6 
16.cxd6 Nc6 17.Qd5+ Kh7 18.b5 Bd7 19.bxc6 Bxc6 20.Qd2 e4 21.Nh2 Be5 22.
Rfd1 Qf6 23.Nd5 Qxd6 24.Nb4 Qxd2 25.Rxd2 Ba4 26.Rd5 Bg7 27.Ra5 Be8 28.Nd5 
Bf7 29.Nxf4 b6 30.Ra4 a5 31.Rb1 Be5 32.g3 Rab8 33.Nf1 Rfc8 34.Ne3 Rc5 35.
Bc4 Be8 36.Ra3 Bd7 37.Rd1 Be8 38.Ne6 Rc6 39.Bd5 Rcc8 40.Nc4 Bf6 41.g4 Bc6 
42.Ne3 a4 43.gxf5 Bb2 44.Bxc6 Bxa3 45.Rd7+ Kh8 46.Bxe4 gxf5 47.Bxf5 Bb2 
48.Ng4 1-0

[Event "3rd Dos Hermanas it"]
[Site "Dos Hermanas ESP"]
[Date "1991.??.??"]
[Round "?"]
[White "Bass, Leonid"]
[Black "Hidalgo Mateos, Juan Jose"]
[Result "1-0"]
[WhiteElo "2500"]
[BlackElo "2220"]
[EventDate "1991.05.??"]
[PlyCount "111"]

1.d4 Nf6 2.c4 d6 3.Nf3 Nbd7 4.Bf4 c5 5.d5 b5 6.cxb5 a6 7.bxa6 Bxa6 8.Nc3 
g6 9.Nd2 Bg7 10.g3 O-O 11.Bg2 h6 12.h3 Nh5 13.Be3 f5 14.Qc2 g5 15.g4 f4 
16.Bxc5 Nxc5 17.gxh5 Bc8 18.Be4 Nxe4 19.Ndxe4 Qe8 20.f3 Bf5 21.h4 Qxh5 22.
O-O-O g4 23.fxg4 Bxg4 24.Rhg1 Rac8 25.Kb1 Kh8 26.Qd2 Be5 27.Ka1 Bf5 28.
Rdf1 Bh7 29.Nf2 f3 30.Ng4 fxe2 31.Rxf8+ Rxf8 32.Nxe2 Bg7 33.a3 Rc8 34.Ne3 
Qxh4 35.Ka2 Rb8 36.Rg4 Qh1 37.Nc3 Rc8 38.Rb4 Bg6 39.a4 h5 40.Ng2 Qf1 41.
Nf4 Bf7 42.Qe3 Rc4 43.Kb3 Rxb4+ 44.Kxb4 Bh6 45.Qd4+ Kg8 46.Ne6 Qf5 47.Qc4 
Kh7 48.a5 Be3 49.a6 Qg4 50.Qxg4 hxg4 51.Ne2 Kh6 52.Kc4 Bxe6 53.dxe6 Ba7 
54.Kd5 Kg5 55.b4 Kf5 56.b5 1-0

[Event "3rd Dos Hermanas it"]
[Site "Dos Hermanas ESP"]
[Date "1991.??.??"]
[Round "?"]
[White "Bass, Leonid"]
[Black "Vladimirov, Evgeny"]
[Result "1/2-1/2"]
[WhiteElo "2500"]
[BlackElo "2575"]
[EventDate "1991.05.??"]
[PlyCount "25"]

1.Nf3 c5 2.e4 Nc6 3.d4 cxd4 4.Nxd4 Nf6 5.Nc3 e5 6.Ndb5 d6 7.Bg5 a6 8.Na3 
b5 9.Nd5 Qa5+ 10.Bd2 Qd8 11.Bg5 Qa5+ 12.Bd2 Qd8 13.Bg5 1/2-1/2

[Event "3rd Dos Hermanas it"]
[Site "Dos Hermanas ESP"]
[Date "1991.??.??"]
[Round "?"]
[White "Garcia Ramirez, Jorge Alberto"]
[Black "Montecatine Rios, Ricardo"]
[Result "1/2-1/2"]
[WhiteElo "2270"]
[BlackElo "2320"]
[EventDate "1991.05.??"]
[PlyCount "101"]

1.e4 e5 2.Nf3 Nc6 3.Bb5 a6 4.Ba4 Nf6 5.d4 exd4 6.e5 Ne4 7.O-O Be7 8.Nxd4 
Nxd4 9.Qxd4 Nc5 10.Nc3 O-O 11.Ne4 Nxe4 12.Qxe4 d5 13.exd6 Bxd6 14.c3 c6 
15.Bc2 g6 16.Bh6 Re8 17.Qd4 Be5 18.Qxd8 Rxd8 19.Rfe1 Bf6 20.a4 Be6 21.a5 
Rd5 22.Re2 Re5 23.Rxe5 Bxe5 24.Be3 Rd8 25.Rd1 Rxd1+ 26.Bxd1 Kf8 27.f4 Bd6 
28.b4 Ke8 29.g3 Kd7 30.Ba4 Bd5 31.Kf2 Be7 32.Bd4 Ke6 33.Ke3 Bc4 34.Bc2 f5 
35.Bd1 Bd5 36.Be2 Bg2 37.Bc4+ Bd5 38.Bf1 Bh1 39.Bc4+ Bd5 40.Bd3 Bg2 41.Bc2
Bd5 42.h3 Bc4 43.g4 Bh4 44.g5 Be1 45.Bd1 Bd5 46.Be2 Be4 47.Bc4+ Bd5 48.Bf1
Be4 49.Bc4+ Bd5 50.Bf1 Be4 51.Bc4+ 1/2-1/2

[Event "3rd Dos Hermanas it"]
[Site "Dos Hermanas ESP"]
[Date "1991.??.??"]
[Round "?"]
[White "Garcia Ramirez, Jorge Alberto"]
[Black "Rodriguez Aguilera, Antonio"]
[Result "1-0"]
[WhiteElo "2270"]
[BlackElo "2325"]
[EventDate "1991.05.??"]
[PlyCount "49"]

1.Nf3 c5 2.e4 d6 3.d4 cxd4 4.Nxd4 Nf6 5.Nc3 a6 6.Bg5 e6 7.f4 Be7 8.Qf3 Qc7
9.O-O-O Nbd7 10.Bd3 O-O 11.Rhe1 Nc5 12.e5 dxe5 13.fxe5 Nd5 14.Ne4 Nxd3+ 
15.Qxd3 h6 16.Bxe7 Nxe7 17.Nf3 Nd5 18.g4 Bd7 19.g5 hxg5 20.Nfxg5 Rfc8 21.
Nd6 Nb4 22.Qh7+ Kf8 23.Rd2 Nxa2+ 24.Kd1 Ba4 25.Nxe6+ 1-0

[Event "3rd Dos Hermanas it"]
[Site "Dos Hermanas ESP"]
[Date "1991.??.??"]
[Round "?"]
[White "Hidalgo Mateos, Juan Jose"]
[Black "Garcia Ramirez, Jorge Alberto"]
[Result "1/2-1/2"]
[WhiteElo "2220"]
[BlackElo "2270"]
[EventDate "1991.05.??"]
[PlyCount "79"]

1.d4 Nf6 2.c4 g6 3.Nc3 Bg7 4.e4 d6 5.Nf3 O-O 6.Be2 e5 7.Be3 Nc6 8.d5 Ne7 
9.Nd2 c6 10.g4 Bd7 11.f3 Ne8 12.O-O f5 13.Qb3 c5 14.Qxb7 Rb8 15.Qa6 Rxb2 
16.Rab1 Rc2 17.Rfc1 Rxc1+ 18.Rxc1 Nc8 19.Qb7 Rf7 20.Qb3 fxg4 21.fxg4 Qh4 
22.Qd1 Bh6 23.Bxh6 Qxh6 24.Nf1 Qf4 25.h3 h5 26.Qd2 hxg4 27.Qxf4 Rxf4 28.
hxg4 Bxg4 29.Bxg4 Rxg4+ 30.Kf2 Nb6 31.Nd2 Nf6 32.a4 Rh4 33.a5 Rh2+ 34.Ke3 
Nbd7 35.Kd3 Nh5 36.Nb5 Nf4+ 37.Kc2 Ne2 38.Rf1 Nd4+ 39.Kc1 Rh3 40.Nxd6 
1/2-1/2

[Event "3rd Dos Hermanas it"]
[Site "Dos Hermanas ESP"]
[Date "1991.??.??"]
[Round "?"]
[White "Hidalgo Mateos, Juan Jose"]
[Black "Vladimirov, Evgeny"]
[Result "0-1"]
[WhiteElo "2220"]
[BlackElo "2575"]
[EventDate "1991.05.??"]
[PlyCount "118"]

1.d4 Nf6 2.Nf3 e6 3.c4 b6 4.a3 Bb7 5.Nc3 d5 6.e3 Bd6 7.cxd5 exd5 8.b4 O-O 
9.Bd3 a5 10.b5 Nbd7 11.O-O Ne4 12.Bb2 Qe7 13.a4 f5 14.Qb3 Ndf6 15.Rad1 Kh8
16.Ne2 Rae8 17.Ne5 Nh5 18.f4 g5 19.Bxe4 fxe4 20.fxg5 Qxg5 21.Rxf8+ Rxf8 
22.Rf1 Rxf1+ 23.Kxf1 Kg8 24.Qc3 Qe7 25.Qe1 Bc8 26.h3 Be6 27.Kg1 Qg5 28.Qf2
Bxe5 29.h4 Bg3 30.hxg5 Bxf2+ 31.Kxf2 Kf7 32.Nf4 Nxf4 33.exf4 Bd7 34.Ba3 c6
35.bxc6 Bxc6 36.Bd6 Bxa4 37.Bc7 Bd7 38.Bxb6 a4 39.Bc5 Bf5 40.Ke3 Ke6 41.
Ba3 Kd7 42.Bc1 Kc6 43.Kd2 Kb5 44.Kc3 Bg4 45.g3 Bf5 46.Ba3 e3 47.Bc1 e2 48.
Bd2 a3 49.Kb3 a2 50.Kxa2 Kc4 51.Kb2 Kxd4 52.Kc1 Kd3 53.Ba5 Ke3 54.Be1 d4 
55.Kb2 d3 56.Kc3 Bg6 57.f5 Bxf5 58.g4 Bg6 59.Bg3 d2 0-1

[Event "3rd Dos Hermanas it"]
[Site "Dos Hermanas ESP"]
[Date "1991.??.??"]
[Round "?"]
[White "Montecatine Rios, Ricardo"]
[Black "Bass, Leonid"]
[Result "1/2-1/2"]
[WhiteElo "2320"]
[BlackElo "2500"]
[EventDate "1991.05.??"]
[PlyCount "84"]

1.e4 c6 2.d4 d5 3.Nd2 dxe4 4.Nxe4 Bf5 5.Ng3 Bg6 6.h4 h6 7.Nf3 Nd7 8.h5 Bh7
9.Bd3 Bxd3 10.Qxd3 Ngf6 11.Bd2 e6 12.O-O-O Qc7 13.Ne4 O-O-O 14.g3 Nxe4 15.
Qxe4 Bd6 16.c4 c5 17.Bc3 Nf6 18.Qe2 cxd4 19.Bxd4 Qa5 20.Kb1 Bc7 21.c5 Rd5 
22.Bxf6 Rxd1+ 23.Rxd1 gxf6 24.Qe3 Qa4 25.Rd3 Rd8 26.Rxd8+ Bxd8 27.Qd4 Qc6 
28.Nd2 Qh1+ 29.Kc2 Qxh5 30.Ne4 Qe2+ 31.Kc1 Be7 32.Nxf6 Bxf6 33.Qxf6 Qc4+ 
34.Kb1 Qd5 35.a3 Qh5 36.Qe7 Qd1+ 37.Ka2 Qd5+ 38.Kb1 e5 39.Qf8+ Kc7 40.Qxh6
Qd3+ 41.Ka2 Qc4+ 42.Kb1 Qf1+ 1/2-1/2

[Event "3rd Dos Hermanas it"]
[Site "Dos Hermanas ESP"]
[Date "1991.??.??"]
[Round "?"]
[White "Montecatine Rios, Ricardo"]
[Black "Rodriguez Aguilera, Antonio"]
[Result "1-0"]
[WhiteElo "2320"]
[BlackElo "2325"]
[EventDate "1991.05.??"]
[PlyCount "57"]

1.e4 d6 2.d4 Nf6 3.Nc3 g6 4.f4 Bg7 5.Nf3 O-O 6.Bd3 Bg4 7.Be3 e5 8.h3 Bxf3 
9.Qxf3 Nc6 10.fxe5 dxe5 11.d5 Nd4 12.Qf2 c6 13.dxc6 bxc6 14.O-O Nd7 15.Na4
Qe7 16.c3 Ne6 17.Rad1 Nb6 18.Nc5 Nf4 19.Ba6 Rab8 20.a4 Rfd8 21.a5 Nc8 22.
Rxd8+ Qxd8 23.Bxf4 exf4 24.Qxf4 Nd6 25.Rd1 Bf8 26.e5 Rxb2 27.exd6 Qxa5 28.
Nd3 Qb6+ 29.Kh2 1-0

[Event "3rd Dos Hermanas it"]
[Site "Dos Hermanas ESP"]
[Date "1991.??.??"]
[Round "?"]
[White "Montecatine Rios, Ricardo"]
[Black "Sanz Alonso, Francisco Javier"]
[Result "1/2-1/2"]
[WhiteElo "2320"]
[BlackElo "2415"]
[EventDate "1991.05.??"]
[PlyCount "123"]

1.e4 e5 2.Nf3 Nc6 3.Bb5 a6 4.Ba4 Nf6 5.O-O Be7 6.Re1 b5 7.Bb3 O-O 8.c3 d6 
9.d4 Bg4 10.d5 Na5 11.Bc2 c6 12.h3 Bc8 13.dxc6 Qc7 14.Nbd2 Qxc6 15.Nf1 Bb7
16.Ng3 g6 17.Bh6 Rfe8 18.Qe2 Rac8 19.Bd3 Nc4 20.Rad1 Qc7 21.Bg5 Nb6 22.Qd2
Nbd7 23.Nh2 Rcd8 24.Bc2 d5 25.exd5 Bxd5 26.Bb3 Bxb3 27.axb3 Nc5 28.Qc2 Ne6
29.Bxf6 Bxf6 30.Nf3 Bg7 31.b4 Nd4 32.Nxd4 exd4 33.Rxe8+ Rxe8 34.Ne2 dxc3 
35.bxc3 Qc4 36.Rd3 a5 37.bxa5 b4 38.Re3 Rxe3 39.fxe3 bxc3 40.Kf2 Qb5 41.
Nxc3 Qc5 42.a6 Bxc3 43.a7 Be1+ 44.Kf1 Qxa7 45.Kxe1 Qxe3+ 46.Kf1 h5 47.Qc4 
Kg7 48.Qb4 Qe5 49.Kg1 g5 50.Qb3 g4 51.hxg4 hxg4 52.g3 Qd4+ 53.Kg2 f6 54.
Qb8 Kf7 55.Qc7+ Ke6 56.Qc8+ Ke5 57.Qe8+ Kd5 58.Qd7+ Kc4 59.Qa4+ Kc5 60.
Qa7+ Kd5 61.Qd7+ Ke5 62.Qe8+ 1/2-1/2

[Event "3rd Dos Hermanas it"]
[Site "Dos Hermanas ESP"]
[Date "1991.??.??"]
[Round "?"]
[White "Montecatine Rios, Ricardo"]
[Black "Vladimirov, Evgeny"]
[Result "1-0"]
[WhiteElo "2320"]
[BlackElo "2575"]
[EventDate "1991.05.??"]
[PlyCount "151"]

1.d4 g6 2.c4 Bg7 3.Nc3 d6 4.e4 e5 5.dxe5 dxe5 6.Qxd8+ Kxd8 7.f4 Nd7 8.Nf3 
c6 9.fxe5 Nxe5 10.Bg5+ Ke8 11.Be2 Be6 12.Nxe5 Bxe5 13.O-O h6 14.Be3 Nf6 
15.Rac1 b6 16.Bf4 Bd4+ 17.Kh1 g5 18.Bd2 Rd8 19.h3 Ke7 20.b4 Bxc3 21.Bxc3 
Nxe4 22.Be1 Rd4 23.Rf3 Rhd8 24.Ra3 R8d7 25.Kg1 c5 26.Bf3 cxb4 27.Bxb4+ Nc5
28.Bc6 Rd1+ 29.Rxd1 Rxd1+ 30.Kh2 Kd6 31.Bf3 Rb1 32.Bc3 a5 33.Bg7 Bxc4 34.
Bxh6 Ne6 35.h4 Rb2 36.h5 Rxa2 37.Rc3 b5 38.Bg7 Nf4 39.h6 g4 40.h7 gxf3 41.
h8=Q Rxg2+ 42.Kh1 f2 43.Rc1 f1=Q+ 44.Rxf1 Bxf1 45.Be5+ Kd7 46.Bxf4 Rg6 47.
Qd4+ Ke6 48.Qe5+ Kd7 49.Qd5+ Ke7 50.Bg5+ Kf8 51.Qe5 Kg8 52.Bd2 Bc4 53.Bxa5
Kf8 54.Bb4+ Kg8 55.Qe8+ Kh7 56.Bc3 Rg4 57.Qh8+ Kg6 58.Qf6+ Kh7 59.Qf5+ Rg6
60.Qe5 Kh6 61.Qh8+ Kg5 62.Kg2 Kf5+ 63.Kf2 Ke6 64.Ke3 Kd7 65.Kd4 Rg4+ 66.
Kc5 Rg6 67.Qh3+ Re6 68.Bf6 Kc7 69.Qh8 Rc6+ 70.Kb4 Kb7 71.Be5 Re6 72.Qb8+ 
Kc6 73.Qa8+ Kd7 74.Qb7+ Ke8 75.Qc8+ Ke7 76.Qc7+ 1-0

[Event "3rd Dos Hermanas it"]
[Site "Dos Hermanas ESP"]
[Date "1991.??.??"]
[Round "?"]
[White "Rodriguez Talavera, Juan Carlos"]
[Black "Bass, Leonid"]
[Result "0-1"]
[WhiteElo "2365"]
[BlackElo "2500"]
[EventDate "1991.05.??"]
[PlyCount "78"]

1.e4 c6 2.c4 d5 3.cxd5 cxd5 4.exd5 Nf6 5.Qa4+ Nbd7 6.Nc3 g6 7.Nf3 Bg7 8.
Qb3 a6 9.a4 Qb6 10.Bc4 Qxb3 11.Bxb3 Nc5 12.Bc2 Bg4 13.Ne5 Bf5 14.Bxf5 gxf5
15.O-O Rd8 16.d4 Nxd5 17.dxc5 Bxe5 18.Bd2 Nb4 19.Rae1 f6 20.Re2 Kf7 21.g3 
Nd3 22.Be3 f4 23.gxf4 Bxf4 24.Ne4 Rhg8+ 25.Kh1 Bxe3 26.fxe3 Rg4 27.Nc3 
Nxc5 28.Rg1 Rdg8 29.Ra1 Rb4 30.a5 Nb3 31.Ra3 Rg5 32.Na2 Rbg4 33.h3 Rg1+ 
34.Kh2 Nc5 35.b4 Ne4 36.Nc3 Nxc3 37.Rxc3 Rb1 38.Rc4 Rb5 39.Rh4 h5 0-1

[Event "3rd Dos Hermanas it"]
[Site "Dos Hermanas ESP"]
[Date "1991.??.??"]
[Round "?"]
[White "Rodriguez Talavera, Juan Carlos"]
[Black "Garcia Ramirez, Jorge Alberto"]
[Result "1/2-1/2"]
[WhiteElo "2365"]
[BlackElo "2270"]
[EventDate "1991.05.??"]
[PlyCount "71"]

1.e4 e5 2.Nf3 Nf6 3.Nxe5 d6 4.Nf3 Nxe4 5.d4 d5 6.Bd3 Bd6 7.O-O O-O 8.c4 c6
9.Nc3 Nxc3 10.bxc3 dxc4 11.Bxc4 Bg4 12.h3 Bh5 13.Re1 Nd7 14.Bd3 Nb6 15.c4 
Bb4 16.Re3 Be7 17.Bb2 Bg5 18.Re5 Bxf3 19.Qxf3 Bf6 20.Re2 Na4 21.Rd1 Nxb2 
22.Rxb2 Rb8 23.Rbd2 g6 24.Bc2 Bg7 25.Qa3 Qc8 26.Be4 Qe6 27.Qd3 Rfe8 28.Bf3
b6 29.d5 cxd5 30.cxd5 Qd6 31.Rc2 Rbc8 32.Rdc1 Rxc2 33.Qxc2 Qb4 34.g3 Bd4 
35.Kg2 Bc5 36.Rd1 1/2-1/2

[Event "3rd Dos Hermanas it"]
[Site "Dos Hermanas ESP"]
[Date "1991.??.??"]
[Round "?"]
[White "Rodriguez Talavera, Juan Carlos"]
[Black "Hidalgo Mateos, Juan Jose"]
[Result "1-0"]
[WhiteElo "2365"]
[BlackElo "2220"]
[EventDate "1991.05.??"]
[PlyCount "75"]

1.e4 g6 2.d4 Bg7 3.Nc3 d6 4.Nf3 Nf6 5.Be2 O-O 6.O-O Bg4 7.h3 Bxf3 8.Bxf3 
Nc6 9.d5 Ne5 10.Be2 c6 11.f4 Ned7 12.Be3 cxd5 13.exd5 Rc8 14.Bd4 a6 15.a4 
Ne8 16.a5 Qc7 17.Kh2 Bxd4 18.Qxd4 Qc5 19.Qa4 Ndf6 20.Bf3 Ng7 21.g4 Rc7 22.
Rad1 Rb8 23.Rd2 b5 24.axb6 Rxb6 25.Nd1 Rb4 26.Qxa6 Rxf4 27.c3 Ra7 28.Qe2 
h5 29.Nf2 Qc7 30.Nd3 Rc4 31.Nb4 Rb7 32.Nc6 Rc5 33.c4 Rb3 34.Nxe7+ Kf8 35.
Nc6 hxg4 36.hxg4 Ng8 37.Ra1 Nf6 38.Ra7 1-0

[Event "3rd Dos Hermanas it"]
[Site "Dos Hermanas ESP"]
[Date "1991.??.??"]
[Round "?"]
[White "Rodriguez Talavera, Juan Carlos"]
[Black "Montecatine Rios, Ricardo"]
[Result "1-0"]
[WhiteElo "2365"]
[BlackElo "2320"]
[EventDate "1991.05.??"]
[PlyCount "47"]

1.e4 d5 2.exd5 Qxd5 3.Nc3 Qa5 4.d4 Nf6 5.Nf3 Nc6 6.Bb5 Bd7 7.O-O a6 8.Bxc6
Bxc6 9.Ne5 Rd8 10.Nxc6 bxc6 11.Qf3 Nd5 12.Ne4 e6 13.Ng5 Rd7 14.c4 Nb4 15.
Bd2 Qf5 16.Qxf5 exf5 17.Bc3 c5 18.d5 Nc2 19.Rad1 Nd4 20.Bxd4 cxd4 21.Nf3 
Bc5 22.Ne5 Re7 23.Nc6 Re2 24.b4 1-0

[Event "3rd Dos Hermanas it"]
[Site "Dos Hermanas ESP"]
[Date "1991.??.??"]
[Round "?"]
[White "Rodriguez Aguilera, Antonio"]
[Black "Rodriguez Talavera, Juan Carlos"]
[Result "1-0"]
[WhiteElo "2325"]
[BlackElo "2365"]
[EventDate "1991.05.??"]
[PlyCount "111"]

1.Nf3 Nf6 2.g3 d5 3.Bg2 c5 4.d3 Nc6 5.O-O e5 6.e4 Be7 7.Nc3 d4 8.Ne2 O-O 
9.Nd2 Ne8 10.f4 Nd6 11.Nf3 f6 12.f5 c4 13.g4 cxd3 14.cxd3 Nf7 15.h4 Bd7 
16.Rf2 Rc8 17.Ng3 h6 18.Bf1 Nb4 19.a3 Na6 20.b4 Nc7 21.g5 fxg5 22.hxg5 
hxg5 23.Qb3 Bf6 24.Rg2 Nb5 25.Nh5 Kh7 26.Rh2 Nh6 27.Rg2 g4 28.Nxf6+ Qxf6 
29.Nh2 Rc3 30.Qd1 Rfc8 31.Bxh6 Qxh6 32.Nxg4 Qd6 33.Qf3 Rc2 34.Ra2 Rxa2 35.
Rxa2 Rc1 36.Rh2+ Kg8 37.Qg3 Nc3 38.Nxe5 Qh6 39.Nxd7 Qe3+ 40.Qxe3 dxe3 41.
Kg2 e2 42.Bxe2 Nxe2 43.Kf3 Nd4+ 44.Ke3 Nc2+ 45.Kf4 Nxa3 46.Rg2 Rc7 47.Nf6+
Kf8 48.Nh7+ Kg8 49.Ng5 Rc2 50.Rg3 Rf2+ 51.Ke5 Nc2 52.Ne6 Nxb4 53.Rxg7+ Kh8
54.Rxb7 Nxd3+ 55.Kf6 Rb2 56.Rd7 1-0

[Event "3rd Dos Hermanas it"]
[Site "Dos Hermanas ESP"]
[Date "1991.??.??"]
[Round "?"]
[White "Rodriguez Aguilera, Antonio"]
[Black "Sanz Alonso, Francisco Javier"]
[Result "1/2-1/2"]
[WhiteElo "2325"]
[BlackElo "2415"]
[EventDate "1991.05.??"]
[PlyCount "49"]

1.Nf3 f5 2.c4 d6 3.d4 g6 4.g3 Bg7 5.Bg2 Nf6 6.Nc3 O-O 7.O-O Qe8 8.d5 Na6 
9.Rb1 Bd7 10.b3 c6 11.Bb2 Nc7 12.Re1 h6 13.b4 Qf7 14.dxc6 bxc6 15.b5 Rab8 
16.a4 Qxc4 17.Nd2 Qf7 18.bxc6 Bc8 19.Ba1 Ba6 20.Qc2 d5 21.Nb5 Nxb5 22.axb5
Rxb5 23.Rxb5 Bxb5 24.Qc5 a6 25.Bxf6 1/2-1/2

[Event "3rd Dos Hermanas it"]
[Site "Dos Hermanas ESP"]
[Date "1991.??.??"]
[Round "?"]
[White "Sanz Alonso, Francisco Javier"]
[Black "Bass, Leonid"]
[Result "1/2-1/2"]
[WhiteElo "2415"]
[BlackElo "2500"]
[EventDate "1991.05.??"]
[PlyCount "26"]

1.e4 e5 2.Nf3 Nc6 3.Bb5 a6 4.Ba4 Nf6 5.O-O b5 6.Bb3 Be7 7.Re1 O-O 8.c3 d6 
9.h3 Na5 10.Bc2 c5 11.d4 Nd7 12.Nbd2 cxd4 13.cxd4 Nc6 1/2-1/2

[Event "3rd Dos Hermanas it"]
[Site "Dos Hermanas ESP"]
[Date "1991.??.??"]
[Round "?"]
[White "Sanz Alonso, Francisco Javier"]
[Black "Garcia Ramirez, Jorge Alberto"]
[Result "1-0"]
[WhiteElo "2415"]
[BlackElo "2270"]
[EventDate "1991.05.??"]
[PlyCount "67"]

1.e4 c6 2.d4 d5 3.Nd2 dxe4 4.Nxe4 Nd7 5.Nf3 Ngf6 6.Ng3 e6 7.Bd3 c5 8.O-O 
Be7 9.Qe2 O-O 10.Rd1 Qc7 11.c4 Rd8 12.b3 cxd4 13.Nxd4 b6 14.Bb2 Bb7 15.
Rac1 Nf8 16.Ne4 Ng6 17.Nxf6+ Bxf6 18.Be4 Bxe4 19.Qxe4 Qf4 20.Qxf4 Nxf4 21.
Kf1 g5 22.Ba1 Kg7 23.Nc6 Nd3 24.Nxd8 Nxc1 25.Nxe6+ fxe6 26.Rxc1 a5 27.
Bxf6+ Kxf6 28.Ke2 Rc8 29.Rd1 Ke7 30.Rd3 a4 31.Rh3 axb3 32.Rxh7+ Kd6 33.
axb3 Kc5 34.Rg7 1-0

[Event "3rd Dos Hermanas it"]
[Site "Dos Hermanas ESP"]
[Date "1991.??.??"]
[Round "?"]
[White "Sanz Alonso, Francisco Javier"]
[Black "Hidalgo Mateos, Juan Jose"]
[Result "1/2-1/2"]
[WhiteElo "2415"]
[BlackElo "2220"]
[EventDate "1991.05.??"]
[PlyCount "66"]

1.e4 c5 2.Nf3 Nc6 3.Bb5 Qb6 4.Ba4 g6 5.O-O Bg7 6.c3 e5 7.Na3 Nge7 8.d4 
cxd4 9.cxd4 Nxd4 10.Nxd4 exd4 11.Bf4 O-O 12.Nc4 Qe6 13.Bb3 d5 14.exd5 Nxd5
15.Re1 Qg4 16.Be5 Qxd1 17.Raxd1 Be6 18.Rxd4 Nb4 19.Bxg7 Kxg7 20.Na5 Bxb3 
21.Rxb4 Bd5 22.Rd1 Rfe8 23.Kf1 Re5 24.a3 b6 25.Nc4 Bxc4+ 26.Rxc4 Rae8 27.
Rc2 R8e7 28.g3 h6 29.h4 h5 30.Rcd2 Kf6 31.Rd6+ Kg7 32.R1d2 Re1+ 33.Kg2 
R1e5 1/2-1/2

[Event "3rd Dos Hermanas it"]
[Site "Dos Hermanas ESP"]
[Date "1991.??.??"]
[Round "?"]
[White "Sanz Alonso, Francisco Javier"]
[Black "Rodriguez Talavera, Juan Carlos"]
[Result "1/2-1/2"]
[WhiteElo "2415"]
[BlackElo "2365"]
[EventDate "1991.05.??"]
[PlyCount "110"]

1.e4 c5 2.Nf3 Nc6 3.Bb5 g6 4.O-O Bg7 5.c3 Nf6 6.Re1 O-O 7.d4 cxd4 8.cxd4 
d5 9.e5 Ne4 10.Nc3 Nxc3 11.bxc3 Qa5 12.a4 Bg4 13.Re3 Rfc8 14.h3 Bd7 15.Qb3
e6 16.Nh2 a6 17.Bxc6 Bxc6 18.Ng4 b5 19.Rf3 bxa4 20.Qd1 Qd8 21.Nf6+ Bxf6 
22.exf6 Kf8 23.Qd2 Ke8 24.Qh6 Kd7 25.Qxh7 Qe8 26.Rg3 Qg8 27.Qh6 Bb5 28.Ba3
Rc6 29.Rb1 Qh8 30.Qf4 Rac8 31.Rg5 R8c7 32.Bb4 Kc8 33.h4 Kb7 34.Bc5 Rc8 35.
g3 Ka8 36.Qf3 Bc4 37.Ra1 Bb3 38.Qf4 Qe8 39.h5 gxh5 40.Rxh5 Bc2 41.Rg5 Qd7 
42.Qd2 Bb3 43.Rh5 Re8 44.Qe2 Bc4 45.Qe3 Rcc8 46.Bb4 Rh8 47.Rxh8 Rxh8 48.
Kg2 e5 49.Qxe5 Bd3 50.Re1 Qh3+ 51.Kf3 Be4+ 52.Rxe4 Qh1+ 53.Kf4 Qh6+ 54.Kf3
Qh1+ 55.Kf4 Qh6+ 1/2-1/2

[Event "3rd Dos Hermanas it"]
[Site "Dos Hermanas ESP"]
[Date "1991.??.??"]
[Round "?"]
[White "Vladimirov, Evgeny"]
[Black "Rodriguez Talavera, Juan Carlos"]
[Result "1/2-1/2"]
[WhiteElo "2575"]
[BlackElo "2365"]
[EventDate "1991.05.??"]
[PlyCount "73"]

1.d4 Nf6 2.c4 e6 3.Nf3 d5 4.Nc3 Be7 5.Bg5 O-O 6.e3 Nbd7 7.Rc1 c6 8.Bd3 
dxc4 9.Bxc4 Nd5 10.Bxe7 Qxe7 11.O-O Nxc3 12.Rxc3 e5 13.Nxe5 Nxe5 14.dxe5 
Qxe5 15.f4 Qe4 16.Re1 Bf5 17.Bd3 Qd5 18.e4 Qd4+ 19.Kh1 Bd7 20.Bc4 Qxd1 21.
Rxd1 Bg4 22.Rd6 Rad8 23.Rcd3 Rxd6 24.Rxd6 Re8 25.Kg1 Kf8 26.e5 Ke7 27.Kf2 
f6 28.Ke3 Bc8 29.Bd3 fxe5 30.fxe5 Be6 31.Rd4 h6 32.Rb4 b6 33.Ra4 a5 34.b4 
axb4 35.Rxb4 Bxa2 36.Rxb6 Ke6 37.Bg6 1/2-1/2

[Event "3rd Dos Hermanas it"]
[Site "Dos Hermanas ESP"]
[Date "1991.??.??"]
[Round "?"]
[White "Vladimirov, Evgeny"]
[Black "Sanz Alonso, Francisco Javier"]
[Result "1-0"]
[WhiteElo "2575"]
[BlackElo "2415"]
[EventDate "1991.05.??"]
[PlyCount "51"]

1.d4 Nf6 2.c4 c5 3.d5 g6 4.Nc3 Bg7 5.e4 d6 6.Bd3 O-O 7.h3 e6 8.Nf3 exd5 9.
exd5 Re8+ 10.Be3 Nbd7 11.O-O Nh5 12.Qd2 Ne5 13.Be2 Bd7 14.Rfe1 Nxf3+ 15.
Bxf3 Qh4 16.Bxh5 gxh5 17.Bh6 Bd4 18.Bg5 Qg3 19.Be3 Qg6 20.Bxd4 Bxh3 21.g3 
cxd4 22.Qxd4 Bf5 23.Nb5 Rad8 24.Nxa7 Be4 25.Nb5 Re5 26.Nxd6 1-0